| 000 | 00401nam a22001697a 4500 | ||
|---|---|---|---|
| 005 | 20160622101058.0 | ||
| 008 | 160622b xxu||||| |||| 00| 0 eng d | ||
| 020 | _a81-317-0136-7 | ||
| 041 | _aeng | ||
| 082 | _b8867 | ||
| 100 |
_aTulsion, P.C.and Pandey Vishal _92438 |
||
| 245 | _aQuantitative Techniques | ||
| 260 |
_bPearson _c2008 |
||
| 300 | _a1218 | ||
| 650 |
_aManagement _9241 |
||
| 942 | _cBK | ||
| 999 |
_c3463 _d3462 |
||